Life of guru nanak / (Record no. 124952)

MARC details
000 -LEADER
fixed length control field 00692nam a22002297a 4500
005 - DATE AND TIME OF LATEST TRANSACTION
control field 20170124105947.0
010 ## - LIBRARY OF CONGRESS CONTROL NUMBER
LC control number A-148120
020 ## - INTERNATIONAL STANDARD BOOK NUMBER
Terms of availability 5.00
035 ## - SYSTEM CONTROL NUMBER
System control number A-148120
037 ## - SOURCE OF ACQUISITION
Source of stock number/acquisition Cen Lib/Ret
040 ## - CATALOGING SOURCE
Original cataloging agency DPL
Language of cataloging EN
082 ## - DEWEY DECIMAL CLASSIFICATION NUMBER
Classification number 260.33
Item number MAN
100 ## - MAIN ENTRY--PERSONAL NAME
Personal name Mansukhani, Gobind Singh
9 (RLIN) 12502
245 ## - TITLE STATEMENT
Title Life of guru nanak /
Statement of responsibility, etc by Gobind Singh Mansukhani
260 ## - PUBLICATION, DISTRIBUTION, ETC. (IMPRINT)
Place of publication, distribution, etc New Delhi
Name of publisher, distributor, etc Guru Nanak Foundation
Date of publication, distribution, etc 1974
270 ## - ADDRESS
Address 84, Jor Bagh
City New Delhi
Postal code 110003
300 ## - PHYSICAL DESCRIPTION
Extent x, 135p.
Dimensions 17cm(Hb)
500 ## - GENERAL NOTE
General note Includes bibliographical references and index
650 ## - SUBJECT ADDED ENTRY--TOPICAL TERM
Topical term or geographic name as entry element Sikhism
9 (RLIN) 3669
650 ## - SUBJECT ADDED ENTRY--TOPICAL TERM
Topical term or geographic name as entry element Biographies
General subdivision Guru nanak
9 (RLIN) 12503
942 ## - ADDED ENTRY ELEMENTS (KOHA)
Source of classification or shelving scheme Dewey Decimal Classification
Koha item type English Books
Classification part 260.33
Call number suffix MAN
Holdings
Withdrawn status Lost status Damaged status Not for loan Home library Current library Date acquired Source of acquisition Cost, normal purchase price Total Checkouts Total Renewals Full call number Barcode Date last seen Date checked out Copy number Cost, replacement price Price effective from Koha item type
        Central Library Central Library 19/06/2015 Cen Lib/Ret 5.00 4 6 260.33 MAN A-148120 19/02/2026 29/12/2025 1 5.00 19/06/2015 English Books

© Delhi Public Library
Hit Counter
free hit counter